| 000 | 00579nam a2200193Ia 4500 | ||
|---|---|---|---|
| 001 | 1744 | ||
| 008 | 210315s1974 ii a g b000 u asm u | ||
| 082 | _a891.414 | ||
| 100 | _aBezbarua, Narayan . | ||
| 245 | 0 |
_aUdbodhani Bhasan: Sanskriti Sanmilan ( 8,9,10 Feb 1974 ) / _cNarayan Bezbarua. _hTextual Documents |
|
| 250 | _a1st ed. / | ||
| 260 |
_aMangaldoi (Assam) : _bAssam Sahitya Sabha , _c1974. |
||
| 300 |
_a51p. : _bill ; _c21cm . |
||
| 500 | _a197/Ref/Ass | ||
| 653 | _aAssamese Essays | ||
| 653 | _aAssamese Speeches | ||
| 653 | _aReference-Assamese | ||
| 942 |
_2ddc _cBK |
||
| 999 |
_c1739 _d1739 |
||